| 000 | 00348nam a22001337a 4500 | ||
|---|---|---|---|
| 040 | _cNUST | ||
| 082 |
_a629.132 _bMOD |
||
| 100 |
_aForenz, Thomas _9118663 |
||
| 245 |
_aBasic Aerodynamics : _bModule 8 / _cThomas Forenz |
||
| 260 |
_aUnited States : _bAircraft Technical Book Company; _c2016. |
||
| 300 | _a79p. | ||
| 521 | _bHB | ||
| 942 |
_2ddc _cBK |
||
| 999 |
_c606842 _d606842 |
||